[Event "Brno Trade op-A 37th"]
[Site "Brno"]
[Date "2012.08.30"]
[Round "6"]
[White "Vyskocil, Neklan"]
[Black "Zavacky, Peter"]
[Result "1-0"]
[WhiteElo "2368"]
[BlackElo "2104"]
[PlyCount "163"]
[EventDate "2012.08.26"]
[EventType "swiss"]
[EventRounds "9"]
[EventCountry "CZE"]
[SourceTitle "CBM 150 Extra"]
[Source "ChessBase"]
[SourceDate "2012.10.19"]
[SourceVersion "1"]
[SourceVersionDate "2012.10.19"]
[SourceQuality "1"]

1. d4 d5 2. Nf3 Nf6 3. c4 c6 4. Nbd2 Bf5 5. e3 e6 6. Nh4 Bg6 7. Nxg6 hxg6 8. g3 Nbd7 9. Bg2 Qb6 10. 0-0 Be7 11. Qe2 0-0 12. c5 Qc7 13. f4 b6 14. cxb6 Qxb6 15. g4 Ne8 16. Nf3 Nd6 17. Ne5 Rad8 18. b3 c5 19. Nxd7 Rxd7 20. dxc5 Qxc5 21. Bb2 Qb5 22. Qxb5 Nxb5 23. Rac1 Bf6 24. Bxf6 gxf6 25. Rc5 Nd6 26. Rfc1 Rb8 27. Rc7 Rb7 28. Rxd7 Rxd7 29. Kf2 Kf8 30. Ke2 Ke7 31. Kd3 Rb7 32. Rc5 Kd7 33. Kc3 Rb6 34. Ra5 Kc6 35. Kd3 Rb7 36. Ra6+ Kc7 37. h4 f5 38. g5 Kd7 39. Kd4 Nb5+ 40. Kc5 Ke7 41. Bf1 Nc3 42. Bd3 Rd7 43. Kd4 Rc7 44. b4 Ne4 45. b5 Nc3 46. a4 Na2 47. b6 axb6 48. Rxb6 Ra7 49. Ba6 Kd8 50. Bb5 Kc7 51. Rc6+ Kb8 52. Ke5 Nb4 53. Rc3 d4 54. Rb3 Nd5 55. Bc6+ Kc7 56. Bxd5 exd5 57. exd4 Rxa4 58. Rb5 Ra6 59. Rc5+ Kd7 60. Kxd5 Rd6+ 61. Kc4 Re6 62. Re5 Rc6+ 63. Kd3 Rc1 64. h5 gxh5 65. Rxf5 Ke7 66. Rf6 Rh1 67. d5 Rd1+ 68. Ke4 Re1+ 69. Kf3 Rd1 70. Rf5 Rc1 71. d6+ Kxd6 72. Rxf7 Rc3+ 73. Ke4 Ke6 74. Rf6+ Ke7 75. Rh6 Rh3 76. Kf5 Kf7 77. Rh7+ Kg8 78. Ra7 Rf3 79. Ke5 h4 80. f5 h3 81. Kf6 h2 82. Ra8+ 1-0

[Event "Brno Trade op-A 37th"]
[Site "Brno"]
[Date "2012.08.28"]
[Round "4"]
[White "Ganaus, Hannes"]
[Black "Zavacky, Peter"]
[Result "1-0"]
[WhiteElo "2318"]
[BlackElo "2104"]
[PlyCount "75"]
[EventDate "2012.08.26"]
[EventType "swiss"]
[EventRounds "9"]
[EventCountry "CZE"]
[SourceTitle "CBM 150 Extra"]
[Source "ChessBase"]
[SourceDate "2012.10.19"]
[SourceVersion "1"]
[SourceVersionDate "2012.10.19"]
[SourceQuality "1"]

1. d4 d5 2. Nf3 c6 3. c4 Nf6 4. Nbd2 e6 5. e3 Nbd7 6. Bd3 Bd6 7. 0-0 0-0 8. e4 dxe4 9. Nxe4 Nxe4 10. Bxe4 Nf6 11. Bc2 Qc7 12. Bg5 Be7 13. Qd3 g6 14. Rad1 Rd8 15. Qe3 Ng4 16. Qc1 b5 17. h3 Nf6 18. Ne5 Rxd4 19. Rxd4 Qxe5 20. Qe3 Qc7 21. Qf3 e5 22. Rh4 Kg7 23. cxb5 Bb7 24. bxc6 Bxc6 25. Bxf6+ Bxf6 26. Rc4 Rc8 27. Be4 Bxe4 28. Rxc7 Bxf3 29. Rxc8 Bd5 30. b3 Bg5 31. Rd1 Be6 32. Ra8 e4 33. Rxa7 e3 34. Re1 exf2+ 35. Kxf2 Kf6 36. Ra6 h5 37. Rexe6+ fxe6 38. Kf3 1-0

[Event "CZE-chT2D 1112"]
[Site "Czech Republic"]
[Date "2012.01.22"]
[Round "6.2"]
[White "Zavacky, Peter"]
[Black "Siembab, Bartosz"]
[Result "0-1"]
[WhiteElo "2099"]
[BlackElo "2326"]
[PlyCount "146"]
[EventDate "2011.10.09"]
[EventType "team-tourn"]
[EventRounds "11"]
[EventCountry "CZE"]
[SourceTitle "EXT 2013"]
[Source "ChessBase"]
[SourceDate "2012.11.22"]
[SourceVersion "1"]
[SourceVersionDate "2012.11.22"]
[SourceQuality "1"]
[WhiteTeam "Brno Lokomotiva"]
[BlackTeam "Rychnov nad Kneznou"]
[WhiteTeamCountry "CZE"]
[BlackTeamCountry "CZE"]

1. d4 Nf6 2. Bg5 g6 3. Nc3 Bg7 4. e4 d6 5. Qd2 0-0 6. 0-0-0 c6 7. h4 h5 8. f3 Qa5 9. Kb1 Re8 10. Bc4 Nbd7 11. Bb3 e5 12. Nge2 b5 13. dxe5 dxe5 14. Nd5 Qxd2 15. Nxf6+ Bxf6 16. Rxd2 Bxg5 17. hxg5 Nf8 18. Rd6 Bd7 19. Rhd1 Re7 20. Nc1 Kg7 21. Nd3 Be8 22. Nf2 Nh7 23. Nh3 a6 24. c4 Raa7 25. Kc2 Bd7 26. Ng1 Nxg5 27. Ne2 Rc7 28. c5 Be6 29. Bxe6 Nxe6 30. b4 h4 31. Kb3 g5 32. a4 Re8 33. Rd7 Re7 34. Rxe7 Rxe7 35. Rd6 Rc7 36. a5 Kf8 37. Kc3 Ke7 38. Kc2 f6 39. Kc3 Nd8 40. Rd1 Rd7 41. Rh1 Ne6 42. g4 Nd4 43. Ng1 Ne6 44. Ne2 Nf4 45. Nxf4 exf4 46. Re1 Ke6 47. Rh1 Ke5 48. Rb1 Rd4 49. Kc2 Rc4+ 50. Kd3 h3 51. Rh1 h2 52. Rxh2 Rxb4 53. Rh8 Rb3+ 54. Ke2 Kd4 55. Ra8 Rb2+ 56. Kf1 Kxc5 57. Rxa6 Ra2 58. Ra8 b4 59. a6 Kc4 60. a7 c5 61. Ke1 b3 62. Kd1 Kc3 63. Rc8 Rxa7 64. Rxc5+ Kb2 65. Kd2 Rb7 66. Rc6 Rd7+ 67. Ke2 Kb1 68. Rxf6 b2 69. Rc6 Rd4 70. e5 Ka2 71. Rb6 b1Q 72. Rxb1 Kxb1 73. e6 Rd6 0-1

[Event "CZE-chT2D 1011"]
[Site "Czech Republic"]
[Date "2011.03.27"]
[Round "10"]
[White "Zavacky, Peter"]
[Black "Hunacek, Jaroslav"]
[Result "1-0"]
[WhiteElo "2102"]
[BlackElo "1844"]
[PlyCount "95"]
[EventDate "2010.10.17"]
[EventType "team-tourn"]
[EventRounds "11"]
[EventCountry "CZE"]
[SourceTitle "EXT 2012"]
[Source "ChessBase"]
[SourceDate "2011.11.24"]
[SourceVersion "1"]
[SourceVersionDate "2011.11.24"]
[SourceQuality "1"]
[WhiteTeam "Brno Lokomotiva"]
[BlackTeam "Trebic Caissa II"]
[WhiteTeamCountry "CZE"]
[BlackTeamCountry "CZE"]

1. e4 e6 2. d4 d5 3. Nd2 Nf6 4. e5 Nfd7 5. Bd3 c5 6. c3 Nc6 7. Ne2 cxd4 8. cxd4 f6 9. exf6 Nxf6 10. 0-0 Bd6 11. Nf3 0-0 12. Bg5 Qe8 13. Re1 Qh5 14. Nf4 Bxf4 15. Bxf4 Ne4 16. Bg3 Nxg3 17. hxg3 Rf6 18. Bb5 Rh6 19. Nh4 Qf7 20. Bxc6 bxc6 21. Re5 Bd7 22. Rc1 Rf6 23. Qe2 Rf8 24. f4 Qe7 25. Rc5 Rxf4 26. gxf4 Qxh4 27. Qf2 Rxf4 28. Qxh4 Rxh4 29. Ra5 Kf7 30. Rxa7 Ke7 31. Re3 Rxd4 32. a4 Kd6 33. a5 Rb4 34. Rf3 Be8 35. Ra8 Bg6 36. Ra3 d4 37. a6 Be4 38. a7 c5 39. Rb8 Rc4 40. Ra6+ Ke5 41. Re8 Kf4 42. Raxe6 Bd5 43. R6e7 g6 44. a8Q Bxa8 45. Rxa8 d3 46. Rf8+ Kg4 47. Rf2 Rc1+ 48. Kh2 1-0

[Event "CZE-chT2D 0910"]
[Site "Czech Republic"]
[Date "2010.04.18"]
[Round "11.2"]
[White "Zavacky, Peter"]
[Black "Sabol, Marian"]
[Result "1/2-1/2"]
[WhiteElo "2083"]
[BlackElo "2343"]
[PlyCount "101"]
[EventDate "2009.10.18"]
[EventType "team-tourn"]
[EventRounds "11"]
[EventCountry "CZE"]
[SourceTitle "EXT 2012"]
[Source "ChessBase"]
[SourceDate "2011.11.24"]
[SourceVersion "1"]
[SourceVersionDate "2011.11.24"]
[SourceQuality "1"]
[WhiteTeam "Brno Lokomotiva II"]
[BlackTeam "Zajecice"]
[WhiteTeamCountry "CZE"]
[BlackTeamCountry "CZE"]

1. d4 Nf6 2. Bg5 Ne4 3. Bf4 c5 4. f3 Nf6 5. dxc5 Qa5+ 6. Nc3 Qxc5 7. e4 d6 8. Qd2 a6 9. 0-0-0 Nbd7 10. g4 h6 11. h4 b5 12. Be3 Qc7 13. Nh3 Nb6 14. Qf2 Nfd7 15. g5 hxg5 16. hxg5 g6 17. Bd4 e5 18. Be3 Bb7 19. Rh2 Rc8 20. Kb1 Nc4 21. Bxc4 Qxc4 22. Ng1 Rxh2 23. Qxh2 b4 24. Na4 Qe6 25. Qd2 a5 26. b3 Bc6 27. Nb6 Nxb6 28. Bxb6 Ra8 29. Ne2 Ra6 30. Be3 f5 31. gxf6 Qxf6 32. Qd3 Ra8 33. Bb6 a4 34. Rh1 axb3 35. cxb3 Bd7 36. Rc1 Be7 37. Qd5 Rb8 38. Ba7 Rc8 39. Rh1 Bc6 40. Qd3 d5 41. exd5 Rd8 42. Ng3 Rxd5 43. Qc4 Rd7 44. Be3 Bd5 45. Qb5 Be6 46. Ne4 Qxf3 47. Rh8+ Kf7 48. Qxe5 Rd1+ 49. Bc1 Qd3+ 50. Kb2 Qe2+ 51. Kb1 1/2-1/2

[Event "CZE-chT2D 0910"]
[Site "Czech Republic"]
[Date "2010.03.28"]
[Round "10.3"]
[White "Zavacky, Peter"]
[Black "Siebenburger, Vlastimil"]
[Result "1-0"]
[WhiteElo "2083"]
[BlackElo "2143"]
[PlyCount "65"]
[EventDate "2009.10.18"]
[EventType "team-tourn"]
[EventRounds "11"]
[EventCountry "CZE"]
[SourceTitle "EXT 2012"]
[Source "ChessBase"]
[SourceDate "2011.11.24"]
[SourceVersion "1"]
[SourceVersionDate "2011.11.24"]
[SourceQuality "1"]
[WhiteTeam "Brno Lokomotiva II"]
[BlackTeam "Zdar nad Sazavou"]
[WhiteTeamCountry "CZE"]
[BlackTeamCountry "CZE"]

1. d4 Nf6 2. Bg5 d5 3. Nd2 Nbd7 4. Ngf3 e6 5. c4 Be7 6. e3 0-0 7. Bd3 b6 8. Rc1 Bb7 9. 0-0 c5 10. Ne5 Ne4 11. Bxe7 Qxe7 12. cxd5 exd5 13. Nxd7 Qxd7 14. Bxe4 dxe4 15. dxc5 bxc5 16. Nb3 Bd5 17. Rxc5 Rad8 18. Nd4 f5 19. Qd2 Qd6 20. b4 f4 21. Nb5 Qf6 22. Qd4 Qg5 23. exf4 Rxf4 24. Qe3 Qf5 25. Rd1 Qg4 26. Nc3 Rf3 27. Qe2 e3 28. Rcxd5 exf2+ 29. Kf1 Rdf8 30. Rd8 Qh4 31. Qxf3 Rxd8 32. Rxd8+ Qxd8 33. Qd5+ 1-0

[Event "SVK-chT2D 0708"]
[Site "Slovakia"]
[Date "2008.02.03"]
[Round "9.3"]
[White "Cech, Dominik"]
[Black "Zavacky, Peter"]
[Result "1/2-1/2"]
[WhiteElo "2106"]
[BlackElo "2108"]
[PlyCount "73"]
[EventDate "2007.10.06"]
[EventType "team-tourn"]
[EventRounds "11"]
[EventCountry "SVK"]
[SourceTitle "EXT 2010"]
[Source "ChessBase"]
[SourceDate "2010.11.25"]
[SourceVersion "1"]
[SourceVersionDate "2010.11.25"]
[SourceQuality "1"]
[WhiteTeam "Michalovce Zemplin II"]
[BlackTeam "Kosice Dynamo"]
[WhiteTeamCountry "SVK"]
[BlackTeamCountry "SVK"]

1. e4 c5 2. Nf3 d6 3. d4 Nf6 4. Nc3 cxd4 5. Nxd4 g6 6. Be3 Bg7 7. f3 0-0 8. Qd2 Nc6 9. g4 Be6 10. 0-0-0 Nxd4 11. Bxd4 Qa5 12. Kb1 Rfc8 13. Nd5 Qxd2 14. Nxf6+ Bxf6 15. Rxd2 Bxd4 16. Rxd4 Rc5 17. h4 Rac8 18. c3 Kg7 19. Bh3 a5 20. f4 h5 21. g5 Bxh3 22. Rxh3 Rc4 23. Re3 Rxd4 24. cxd4 Rc4 25. Rd3 b5 26. b3 Rc7 27. Kb2 b4 28. Rf3 d5 29. e5 e6 30. Rd3 Kf8 31. Rf3 Ke7 32. Rd3 Kd7 33. Rf3 Kc8 34. Rf2 Kb7 35. Rc2 Rxc2+ 36. Kxc2 Kb6 37. Kd2 1/2-1/2

[Event "SVK-ch op-A"]
[Site "Banska Stiavnica"]
[Date "2007.07.09"]
[Round "3.36"]
[White "Gutman, Petr"]
[Black "Zavacky, Peter"]
[Result "1-0"]
[WhiteElo "2172"]
[BlackElo "2101"]
[PlyCount "59"]
[EventDate "2007.07.07"]
[EventType "swiss"]
[EventRounds "9"]
[EventCountry "SVK"]
[SourceTitle "EXT 2010"]
[Source "ChessBase"]
[SourceDate "2010.11.25"]
[SourceVersion "1"]
[SourceVersionDate "2010.11.25"]
[SourceQuality "1"]

1. c4 Nf6 2. Nc3 e6 3. e4 Nc6 4. d4 Bb4 5. d5 Nxe4 6. dxc6 Qf6 7. Qc2 Nxc3 8. a3 Ba5 9. b4 Qe5+ 10. Be3 Nb5 11. Rc1 Nxa3 12. Qb3 Bb6 13. Nf3 Qe4 14. c5 f5 15. Qxa3 f4 16. Bd3 Qd5 17. Bxf4 0-0 18. Be3 bxc6 19. Rd1 Qh5 20. Be2 Qg6 21. 0-0 a5 22. cxb6 cxb6 23. Bxb6 d5 24. bxa5 Rf4 25. Ne5 Qf6 26. Nxc6 Bb7 27. Nd8 Qe5 28. Nxb7 Qxe2 29. Nd8 Rh4 30. Qe7 1-0

[Event "SVK-ch op-A"]
[Site "Banska Stiavnica"]
[Date "2007.07.07"]
[Round "1"]
[White "Pcola, Pavol"]
[Black "Zavacky, Peter"]
[Result "1-0"]
[WhiteElo "2383"]
[BlackElo "2101"]
[PlyCount "69"]
[EventDate "2007.07.07"]
[EventType "swiss"]
[EventRounds "9"]
[EventCountry "SVK"]
[SourceTitle "CBM 119 Extra"]
[Source "ChessBase"]
[SourceDate "2007.09.04"]
[SourceVersion "1"]
[SourceVersionDate "2007.09.04"]
[SourceQuality "1"]

1. c4 c5 2. g3 Nf6 3. Bg2 d5 4. cxd5 Nxd5 5. Nc3 Nc7 6. b3 e5 7. Bb2 Nc6 8. Bxc6+ bxc6 9. d3 Be7 10. Nf3 f6 11. Rc1 Ne6 12. Na4 Rb8 13. Ba3 Rb5 14. Rc4 Ba6 15. 0-0 Ra5 16. Rc3 0-0 17. Nd2 Qd5 18. Rc2 Nd4 19. Rc1 Ne6 20. Nc4 Bxc4 21. Rxc4 Rb8 22. Qd2 Qd8 23. Rfc1 Rbb5 24. Qe3 Qf8 25. f4 Bd6 26. Bb2 Nd4 27. Qf2 Qe7 28. e3 Ne6 29. fxe5 fxe5 30. Qf5 Nd8 31. Rf1 Rb7 32. Re4 Nf7 33. Qc8+ Nd8 34. Bxe5 Bxe5 35. Rxe5 1-0

[Event "SVK-chT1E 0607"]
[Site "Slovakia"]
[Date "2007.01.14"]
[Round "7.2"]
[White "Treybal, Dusan"]
[Black "Zavacky, Peter"]
[Result "0-1"]
[WhiteElo "2245"]
[BlackElo "2081"]
[PlyCount "134"]
[EventDate "2006.10.07"]
[EventType "team-tourn"]
[EventRounds "11"]
[EventCountry "SVK"]
[SourceTitle "EXT 2008"]
[Source "ChessBase"]
[SourceDate "2007.11.25"]
[SourceVersion "1"]
[SourceVersionDate "2007.11.25"]
[SourceQuality "1"]
[WhiteTeam "Kosice Slavia UPJS"]
[BlackTeam "Kosice sachy.sk	 II"]
[WhiteTeamCountry "SVK"]
[BlackTeamCountry "SVK"]

1. e4 c5 2. Nf3 d6 3. d4 Nf6 4. Nc3 cxd4 5. Nxd4 g6 6. Be2 Bg7 7. Be3 0-0 8. 0-0 Nc6 9. Nb3 Be6 10. f4 Na5 11. Nxa5 Qxa5 12. Bf3 Bc4 13. Re1 Rac8 14. Qd2 Rfd8 15. Qf2 Qb4 16. Rab1 b6 17. a3 Qa5 18. Rbd1 Be6 19. h3 h5 20. Rd2 Rd7 21. Red1 Rdc7 22. Bd4 b5 23. e5 dxe5 24. Bxe5 Rc4 25. Be2 Ne4 26. Nxe4 Rxe4 27. Bd3 Rxe5 28. fxe5 Bxe5 29. Re2 Qc7 30. c3 Rd8 31. Bc2 Rxd1+ 32. Bxd1 Bd6 33. Kh1 Bc4 34. Rc2 Bc5 35. Qf3 Qe5 36. Re2 Bxe2 37. Qxe2 Qg3 38. Bb3 Bd6 39. Kg1 Qh2+ 40. Kf2 Qg3+ 41. Kf1 Qf4+ 42. Ke1 Qc1+ 43. Kf2 h4 44. Qc2 Bc5+ 45. Ke2 Qe3+ 46. Kd1 Qg1+ 47. Kd2 Qxg2+ 48. Kd1 Qxc2+ 49. Bxc2 a5 50. b4 axb4 51. axb4 Bd6 52. Bd3 g5 53. Bxb5 Kg7 54. Be2 Kf6 55. Bh5 Ke6 56. Kd2 f5 57. Kd3 Ke5 58. Ke3 e6 59. Bf3 Be7 60. Be2 Kd5 61. c4+ Kc6 62. b5+ Kc5 63. Bh5 Kxc4 64. Bf7 Kd5 65. Kf3 Bc5 66. Bg6 Ke5 67. Be8 Kf6 0-1

[Event "SVK-chT2D 0607"]
[Site "Slovakia"]
[Date "2006.12.17"]
[Round "6.6"]
[White "Zavacky, Peter"]
[Black "Sremanak, Slavomir"]
[Result "1/2-1/2"]
[WhiteElo "2081"]
[BlackElo "2179"]
[PlyCount "110"]
[EventDate "2006.10.14"]
[EventType "team-tourn"]
[EventRounds "11"]
[EventCountry "SVK"]
[SourceTitle "EXT 2008"]
[Source "ChessBase"]
[SourceDate "2007.11.25"]
[SourceVersion "1"]
[SourceVersionDate "2007.11.25"]
[SourceQuality "1"]
[WhiteTeam "Kosice DPMK"]
[BlackTeam "Presov PSK"]
[WhiteTeamCountry "SVK"]
[BlackTeamCountry "SVK"]

1. e4 c5 2. Nf3 Nc6 3. d4 cxd4 4. Nxd4 e5 5. Nb5 a6 6. Nd6+ Bxd6 7. Qxd6 Qf6 8. Qa3 Qg6 9. Qe3 Nge7 10. Bd2 d5 11. exd5 Nxd5 12. Qd3 Qe6 13. Na3 0-0 14. c3 Rd8 15. Qc2 Nf4 16. 0-0-0 Qxa2 17. Bxf4 Rxd1+ 18. Qxd1 Bf5 19. Bd3 Rd8 20. Bxf5 Rxd1+ 21. Rxd1 exf4 22. Bc8 Qb3 23. Rd7 Qe6 24. Rd8+ Nxd8 25. Bxe6 fxe6 26. Kd2 Kf7 27. Kd3 e5 28. Ke4 Ke6 29. c4 Nf7 30. f3 Nd6+ 31. Kd3 Nf5 32. Nc2 a5 33. Ke4 b6 34. Kd3 Kd6 35. Kc3 Ne3 36. Ne1 g5 37. h3 h5 38. b3 Kc6 39. Kd3 Kc5 40. Kc3 e4 41. fxe4 Nd1+ 42. Kd2 Nf2 43. e5 Kc6 44. Nd3 Ne4+ 45. Ke2 Ng3+ 46. Kf3 Nf1 47. Ke2 Ng3+ 48. Kf3 Nf5 49. Ke4 Nh4 50. Ne1 Kc5 51. Nd3+ Kc6 52. Ne1 Kd7 53. Nf3 Nxg2 54. Nxg5 Ke7 55. Nf3 Kf7 1/2-1/2

[Event "SVK-ch U18"]
[Site "Brezova pod Bradlom"]
[Date "2006.03.08"]
[Round "7"]
[White "Jurcik, Martin"]
[Black "Zavacky, Peter"]
[Result "1-0"]
[WhiteElo "2299"]
[BlackElo "2096"]
[PlyCount "63"]
[EventDate "2006.03.05"]
[EventType "swiss"]
[EventRounds "9"]
[EventCountry "SVK"]
[SourceTitle "EXT 2008"]
[Source "ChessBase"]
[SourceDate "2007.11.25"]
[SourceVersion "1"]
[SourceVersionDate "2007.11.25"]
[SourceQuality "1"]

1. e4 c5 2. Nf3 d6 3. d4 Nf6 4. Nc3 cxd4 5. Nxd4 g6 6. Be3 Bg7 7. f3 0-0 8. Qd2 Nc6 9. 0-0-0 Nxd4 10. Bxd4 Be6 11. Kb1 a6 12. h4 h5 13. g4 Rc8 14. gxh5 Nxh5 15. Bxg7 Kxg7 16. f4 Bg4 17. Re1 Qa5 18. Bh3 Bxh3 19. Rxh3 Rc5 20. a3 Rcc8 21. Rg1 Rh8 22. Rg5 Qd8 23. f5 Rh6 24. Nd5 Nf6 25. Qg2 Nxd5 26. exd5 Qh8 27. fxg6 Rxg6 28. h5 Rxg5 29. Qxg5+ Kf8 30. Qf5 Rc5 31. h6 e6 32. Qg5 1-0

[Event "SVK-ch U18"]
[Site "Brezova pod Bradlom"]
[Date "2006.03.08"]
[Round "6"]
[White "Zavacky, Peter"]
[Black "Nagy, Ervin2222"]
[Result "1-0"]
[WhiteElo "2096"]
[BlackElo "1903"]
[PlyCount "57"]
[EventDate "2006.03.05"]
[EventType "swiss"]
[EventRounds "9"]
[EventCountry "SVK"]
[SourceTitle "EXT 2008"]
[Source "ChessBase"]
[SourceDate "2007.11.25"]
[SourceVersion "1"]
[SourceVersionDate "2007.11.25"]
[SourceQuality "1"]

1. e4 e6 2. d4 d5 3. Nd2 Nf6 4. e5 Nfd7 5. Bd3 c5 6. c3 Nc6 7. Ne2 cxd4 8. cxd4 Qb6 9. Nf3 f6 10. exf6 Nxf6 11. 0-0 Bd6 12. Nc3 0-0 13. Be3 Nb4 14. Be2 Ng4 15. Bg5 Qc7 16. h3 Nf6 17. Nb5 Qb6 18. a3 Na6 19. Nxd6 Qxd6 20. Ne5 Nd7 21. f4 Nab8 22. Bd3 Nxe5 23. fxe5 Rxf1+ 24. Qxf1 Qb6 25. Qf3 Qxd4+ 26. Kh1 Nd7 27. Rf1 Qc5 28. Qf7+ Kh8 29. Qe8+ 1-0

[Event "SVK-chT1E 0506"]
[Site "Slovakia"]
[Date "2006.02.05"]
[Round "9"]
[White "Hlavac, Peter"]
[Black "Zavacky, Peter"]
[Result "0-1"]
[WhiteElo "2078"]
[BlackElo "2046"]
[PlyCount "82"]
[EventDate "2005.10.15"]
[EventType "team"]
[EventRounds "11"]
[EventCountry "SVK"]
[SourceTitle "EXT 2009"]
[Source "ChessBase"]
[SourceDate "2008.11.26"]
[SourceVersion "1"]
[SourceVersionDate "2008.11.26"]
[SourceQuality "1"]

1. d4 Nf6 2. c4 e6 3. Nc3 Bb4 4. Qc2 d5 5. a3 Bxc3+ 6. Qxc3 Nc6 7. Nf3 Ne4 8. Qc2 e5 9. dxe5 Bf5 10. cxd5 Qxd5 11. Qd3 Qa5+ 12. Bd2 Qb6 13. Be3 Qa5+ 14. Bd2 Qb6 15. Be3 Qxb2 16. Rb1 Qc3+ 17. Qxc3 Nxc3 18. Rxb7 0-0-0 19. Bd2 Kxb7 20. Bxc3 Bc2 21. Nd2 Rhe8 22. f4 g5 23. g3 gxf4 24. gxf4 Rg8 25. Bh3 Ne7 26. Kf2 Nd5 27. Rc1 Nxf4 28. Bf1 Bf5 29. e4 Bd7 30. Rb1+ Ka8 31. Ba5 Ne6 32. Bc4 Bc6 33. Ke3 Rd7 34. Nb3 Rg4 35. Bxe6 Rxe4+ 36. Kf2 fxe6 37. Nc5 Rf7+ 38. Kg3 Re3+ 39. Kg4 Rg7+ 40. Kh4 Bf3 41. Rb4 Rxe5 0-1

[Event "SVK-chT1E 0506"]
[Site "Slovakia"]
[Date "2005.11.06"]
[Round "4"]
[White "Zavacky, Peter"]
[Black "Kovac, Lubomir"]
[Result "1-0"]
[WhiteElo "2046"]
[BlackElo "2121"]
[PlyCount "107"]
[EventDate "2005.10.15"]
[EventType "team"]
[EventRounds "11"]
[EventCountry "SVK"]
[SourceTitle "EXT 2009"]
[Source "ChessBase"]
[SourceDate "2008.11.26"]
[SourceVersion "1"]
[SourceVersionDate "2008.11.26"]
[SourceQuality "1"]

1. e4 Nf6 2. e5 Nd5 3. d4 d6 4. Nf3 Bg4 5. Be2 e6 6. 0-0 Be7 7. c4 Nb6 8. Be3 0-0 9. h3 Bh5 10. Nc3 N8d7 11. exd6 cxd6 12. Nd2 Bg6 13. Rc1 Nf6 14. Qb3 Rb8 15. Bf3 Qd7 16. Bf4 Ra8 17. Rfd1 Rfd8 18. a4 d5 19. c5 Nc8 20. Be2 a6 21. Nf3 Na7 22. Ne5 Qc8 23. a5 Nc6 24. Na4 Nxe5 25. Nb6 Qc6 26. Nxa8 Rxa8 27. Bxe5 Nd7 28. Bf4 Bf6 29. Bd3 Qc8 30. Bxg6 hxg6 31. Qc3 Qc6 32. b4 Rc8 33. Qd3 Nb8 34. Rb1 Qb5 35. Qxb5 axb5 36. Bxb8 Rxb8 37. f4 Kf8 38. g3 Ke8 39. Kf2 Kd7 40. h4 Kc6 41. Ra1 Ra8 42. Ke3 Kd7 43. Ra2 Ra6 44. Rh1 Be7 45. g4 Ra8 46. g5 Bd8 47. h5 gxh5 48. Rxh5 g6 49. Rh7 Ke8 50. Rah2 Rc8 51. Rh8+ Ke7 52. R2h7 Rc6 53. Rg8 Bc7 54. Rgg7 1-0

[Event "SVK-chT1E 0506"]
[Site "Slovakia"]
[Date "2005.10.16"]
[Round "2"]
[White "Zavacky, Peter"]
[Black "Lukac, Roman"]
[Result "0-1"]
[WhiteElo "2046"]
[BlackElo "2153"]
[PlyCount "114"]
[EventDate "2005.10.15"]
[EventType "team"]
[EventRounds "11"]
[EventCountry "SVK"]
[SourceTitle "EXT 2009"]
[Source "ChessBase"]
[SourceDate "2008.11.26"]
[SourceVersion "1"]
[SourceVersionDate "2008.11.26"]
[SourceQuality "1"]

1. e4 e5 2. Nf3 Nc6 3. Bc4 Bc5 4. d3 Nf6 5. c3 d6 6. b4 Bb6 7. h3 Ne7 8. Nbd2 Ng6 9. 0-0 0-0 10. Re1 c6 11. Bb3 Be6 12. Nf1 Nh5 13. d4 Bxb3 14. Qxb3 Nhf4 15. Ng3 Qf6 16. Nf5 exd4 17. N5xd4 h6 18. Qd1 Rfe8 19. a4 d5 20. exd5 Nxd5 21. Bd2 Rad8 22. Rxe8+ Rxe8 23. a5 Bc7 24. Qf1 Ne5 25. Re1 Rd8 26. Qe2 Nxf3+ 27. Qxf3 Be5 28. Qe4 Bxd4 29. Qxd4 Qxd4 30. cxd4 a6 31. g4 Kf8 32. Kg2 Re8 33. Rxe8+ Kxe8 34. f4 Kd7 35. g5 h5 36. Kg3 Ne7 37. Kf3 Ke6 38. Ke4 f5+ 39. Kd3 Kd5 40. Be1 Ng6 41. Bg3 Nf8 42. Bf2 Ne6 43. Be3 h4 44. Kc3 Ke4 45. Bf2 Kxf4 46. Bxh4 Nxg5 47. Kc4 Nxh3 48. Kc5 g5 49. Be1 g4 50. Kb6 g3 51. Bxg3+ Kxg3 52. Kxb7 f4 53. b5 cxb5 54. d5 f3 55. d6 Ng5 56. Kxa6 f2 57. Kb7 f1Q 0-1

[Event "SVK-ch U18"]
[Site "Vrutky"]
[Date "2005.??.??"]
[Round "3"]
[White "Marcin, Vladimir"]
[Black "Zavacky, Peter"]
[Result "1-0"]
[WhiteElo "2025"]
[BlackElo "2096"]
[PlyCount "47"]
[EventDate "2005.02.13"]
[EventType "swiss"]
[EventRounds "9"]
[EventCountry "SVK"]
[SourceTitle "EXT 2009"]
[Source "ChessBase"]
[SourceDate "2008.11.26"]
[SourceVersion "1"]
[SourceVersionDate "2008.11.26"]
[SourceQuality "1"]

1. d4 Nf6 2. c4 e6 3. Nf3 b6 4. g3 Bb7 5. Bg2 Be7 6. 0-0 0-0 7. Nc3 Ne4 8. Nxe4 Bxe4 9. Ne5 Bxg2 10. Kxg2 d5 11. Qc2 dxc4 12. Qxc4 Qd5+ 13. Qxd5 exd5 14. Bf4 Bd6 15. Rac1 Na6 16. Nc6 Bxf4 17. gxf4 Rfe8 18. e3 Kf8 19. Rc3 Re6 20. Rd1 Ke8 21. b4 f6 22. b5 Kd7 23. Rdc1 Rxc6 24. Rxc6 1-0